Highway Maintenance and management (Record no. 527221)
[ view plain ]
| 000 -LEADER | |
|---|---|
| fixed length control field | 00322nam a22001337a 4500 |
| 020 ## - INTERNATIONAL STANDARD BOOK NUMBER | |
| International Standard Book Number | 9789350146149 |
| 040 ## - CATALOGING SOURCE | |
| Transcribing agency | NUST |
| 082 ## - DEWEY DECIMAL CLASSIFICATION NUMBER | |
| Classification number | 625.76 |
| Author Mark | XIA |
| 100 ## - MAIN ENTRY--PERSONAL NAME | |
| Personal name | xiangshen Hou |
| 9 (RLIN) | 18357 |
| 245 ## - TITLE STATEMENT | |
| Title | Highway Maintenance and management |
| 260 ## - PUBLICATION, DISTRIBUTION, ETC. | |
| Place of publication, distribution, etc. | New Delhi |
| Name of publisher, distributor, etc. | S.K Kataria |
| Date of publication, distribution, etc. | 2011 |
| 300 ## - PHYSICAL DESCRIPTION | |
| Other physical details | PB,ill,328 |
| 942 ## - ADDED ENTRY ELEMENTS (KOHA) | |
| Source of classification or shelving scheme | |
| Koha item type | Book |
| Withdrawn status | Lost status | Source of classification or shelving scheme | Damaged status | Not for loan | Permanent Location | Current Location | Date acquired | Full call number | Barcode | Date last seen | Copy number | Price effective from | Koha item type |
|---|---|---|---|---|---|---|---|---|---|---|---|---|---|
| Military College of Engineering (MCE) | Military College of Engineering (MCE) | 06/23/2021 | 625.76 XIA | MCE-51503 | 06/23/2021 | 06/23/2021 | Book | ||||||
| NUST Baluchistan Campus (NBC) | NUST Baluchistan Campus (NBC) | 07/23/2019 | 625.76 XIA | Q-239 | 07/23/2019 | 1 | 07/23/2019 | Book | |||||
| NUST Baluchistan Campus (NBC) | NUST Baluchistan Campus (NBC) | 07/23/2019 | 625.76 XIA | Q-240 | 07/23/2019 | 2 | 07/23/2019 | Book |
